00963nam a2200265 i 4500001001000000003000900010005001700019007000300036008004100039040003000080082001300110110007800123245011800201264005600319300002500375336002700400337003300427338002800460500003100488590002700519910000700546942001400553952011300567999001700680000038104DO-SdBNP20240117073041.0ta110427s1907 dr 000 0 spa d aDO-SdBNPbspacBNPHUerda 222bI597 984770aInstituto Profesional de Santo Domingo.bFacultad de Derecho Civil1 aTesis para la licenciatura :bel acto será sustentado por José Pérez Nolasco bachiller en letras y ciencias aSanto Domingo :bImprenta La Cuna de America,c1907 a47 paginas ;c26 cm. 2rdacontentatextobtxt 2rdamediaasin mediaciónbn 2rdacarrieravolumenbnc aTesis para la licenciatura aInventariado, 2024/ DG aDG 2ddccLBS1 00102ddc51708PDaBNPHUbBNPHUcCTd2024-01-17l0oBNPHU PD I597p2024-0260r2024-01-17w2024-01-17yLBS1 c55698d55698